La sociedad del espectáculo

Uloženo v:
Podrobná bibliografie
Hlavní autor: Debord, Guy (Autor)
Médium: Kniha
Jazyk:španělština
Vydáno: Buenos Aires La Marca 2008
Vydání:4a. ed
Edice:Biblioteca de la Mirada
Témata:
Tagy: Přidat tag
Žádné tagy, Buďte první, kdo vytvoří štítek k tomuto záznamu!

MARC

LEADER 00000cam a2200000 a 4500
001 UCF3177
003 CL-VaPUC
008 121004e20080000AG |||||||||||||||||spa|d
020 |a 9789508891761 
082 0 4 |a 301  |b DEB  |2 21 
100 0 |a Debord, Guy  |e author  |9 565110 
245 1 3 |a La sociedad del espectáculo 
250 |a 4a. ed 
300 |a 183 p 
942 |c BK 
945 |d 20121004 00:00:00  |a cmena 
260 |a Buenos Aires  |b La Marca  |c 2008 
650 0 |a Antropología cultural y social   |9 265143 
650 0 |a Psicología social   |9 222894 
650 7 |a FILOSOFIA POLITICA  |2 CL-VaPUC  |9 565111 
583 |a last modification  |c 20121004 18:42:00  |k Rodrigo Vera 
490 0 |a Biblioteca de la Mirada 
999 |c 349659  |d 349657 
952 |0 0  |1 0  |4 0  |6 301_000000000000000_DEB_2008  |7 0  |8 R  |9 452385  |a BIBART  |b BIBART  |d 2019-11-22  |i 4912756  |l 16  |m 3  |o 301 DEB 2008  |p 4912756  |r 2025-03-13  |s 2024-10-23  |w 2019-11-22  |y BK_R  |k ART